000 00294nam a2200109Ia 4500
008 230907s9999||||xx |||||||||||||| ||und||
082 _a697.93,ADV
245 0 _aAdvances in passive cooling /
260 _aEarthscan,
_bLondon ; | Sterling, VA :
_c2007
300 _axxxvi, 303 p. :
942 _cBK
999 _c597449
_d597449